| 000 | 00575nam a2200181 a 4500 | ||
|---|---|---|---|
| 001 | 000039645 | ||
| 005 | 20201002033645.0 | ||
| 008 | 130712s1984 mx 000 0 spa d | ||
| 020 | _a9688470635 | ||
| 040 |
_aDO-SdBNP _bspa _cBNPHU |
||
| 082 |
_axxxxx _cxxxxx |
||
| 100 | 1 |
_aUslar Pietri, Arturo _99224 |
|
| 245 | 1 | 3 |
_aLa isla de Róbinson / _cArturo Uslar Pietri. |
| 260 |
_aMéxico : _bSeix Barral _bOrigen, _c1984. |
||
| 300 |
_a314 p. ; _c20 cm. |
||
| 490 | 1 | _aObras maestras de la literatura contemporanea | |
| 830 | 0 |
_aObras maestras de la literatura contemporanea _965830 |
|
| 999 |
_c39135 _d39135 |
||